| 000 | 00714nam a22001577a 4500 | ||
|---|---|---|---|
| 003 | OSt | ||
| 005 | 20151113160947.0 | ||
| 008 | 151113b xxu||||| |||| 00| 0 eng d | ||
| 040 | _cRUA | ||
| 082 | _aFOR RUO 2009 B138 Or.1 | ||
| 100 |
_93661 _aROUS, CHANTY. |
||
| 245 | _aStudy on the potentaial of ecotoutrism in bak khlang commune, mondulseima disrict, koh kong province, សិក្សាពីសក្តានុពលតំបន់ទេសចរណ៏ធម្មជាតិនៅក្នុង ឃុំប់ាក់ខ្លង ស្រុកមណ្ឌលសីមា ខេត្តកោះកុង | ||
| 260 |
_aPhnom Penh _bRUA _c2009* |
||
| 300 |
_axii; 44p. _bill. _c29cm. |
||
| 942 |
_2ddc _cFOR |
||
| 999 |
_c3409 _d3409 |
||